00376nam a2200169Ia 4500008004100000020001400041245001800055245001600073260001500089260001600104260000900120300001500129300002500144300001000169500000800179999001900187170705s9999 xx 000 0 und d a590440543 aBear shadow / cFrank Asch. aNew York : bScholastic, c1985 a32 pages : bcolor illustration ; c20cm. a580 c335872d335872